| 000 | 00544am a2200217a 44500 | ||
|---|---|---|---|
| 005 | 20160526182449.0 | ||
| 008 | 150909b xxu||||| |||| 00| 0 spa d | ||
| 041 | _aES | ||
| 082 |
_a658 _bC614c |
||
| 245 | _aClásicos Harvard de la Administración | ||
| 260 | _c1986 | ||
| 300 | _a116 páginas | ||
| 650 |
_aADMINISTRACION DE EMPRESAS _9521 |
||
| 650 |
_aLIDERAZGO _922 |
||
| 650 |
_aCREATIVIDAD _910538 |
||
| 650 |
_aEJECUTIVOS _99229 |
||
| 650 |
_aPRODUCTIVIDAD _9726 |
||
| 650 |
_aCLIENTE _91451 |
||
| 650 |
_aSTRESS _94271 |
||
| 942 | _cBK | ||
| 999 |
_c801 _d801 |
||